Lady Gaga - Chansons commençant par H - Statistiques

Statistiques générales
  • Ce quiz a été pris 9 fois
  • Le résultat moyen est 4 sur 9
Statistiques - réponses
H % Correct
Happy Mistake
67%
Hold My Hand
67%
Hair
50%
Heal Me
50%
How Bad Do U Want Me
50%
Hair Body Face
33%
Heavy Metal Lover
33%
Hey Girl (featuring Florence Welch)
33%
Highway Unicorn (Road to Love)
33%
Aucun quiz correspondant
Distribution des résultats
% des personnes avec chaque résultat
Percentile par nombre de réponses
Votre historique - résultats
Vous n’avez pas pris ce quiz